000 00534nam a22001457a 4500
005 20250919160603.0
100 _aDas, S.
245 _aIpr For Indian Rubber Industries: Challenges And Opportunities
260 _bInternational Rubber Conference-rubber Con 2024: Sustainable Development In Rubber Industry-challenges And Opportunities, 5-7 December 2024, Indian Rubber Institute, Kochi, India, P. 28.
_c2024
300 _bAbstract only
650 _aIntellectual Property Rights
650 _aPatent
650 _aMSME
942 _cJS
999 _c75588
_d75588